[Event "22. Torneo San Viator"]
[Site "Madrid ESP"]
[Date "2014.05.11"]
[Round "6.36"]
[White "Castro Uceda, Jose Antonio"]
[Black "Bermejo Jimenez, Adolfo"]
[Result "1-0"]
[WhiteElo "1620"]
[BlackElo "1442"]
[PlyCount "55"]
[EventDate "2014.03.23"]
[EventType "swiss"]
[EventRounds "9"]
[EventCountry "ESP"]
[SourceTitle "Ajedrez en Madrid"]
[Source "lmi"]
[SourceDate "2014.03.23"]
[SourceVersion "1"]
[SourceVersionDate "2014.07.21"]
[SourceQuality "1"]

1. d4 c6 2. e4 d5 3. e5 Bf5 4. Bd3 Bxd3 5. Qxd3 Qb6 6. b3 Qa6 7. c4 e6 8. Bd2
b6 9. Nf3 Be7 10. O-O Nd7 11. Nc3 Bb4 12. Rac1 Ne7 13. h3 Bxc3 14. Qxc3 Rc8 15.
a4 O-O 16. Bg5 f6 17. exf6 Nxf6 18. Bxf6 Rxf6 19. Rfe1 Ng6 20. Ng5 Nf8 21. cxd5
exd5 22. Re7 Ng6 23. Re3 Nf4 24. Rce1 Rff8 25. g3 Nh5 26. Qc2 Nf6 27. Qf5 Ne4
28. Qxh7# 1-0

[Event "22. Torneo San Viator"]
[Site "Madrid ESP"]
[Date "2014.05.11"]
[Round "6.38"]
[White "Rufo Yebra, Benito"]
[Black "Montes De Santiago, Fernando"]
[Result "0-1"]
[WhiteElo "1572"]
[BlackElo "1831"]
[PlyCount "57"]
[EventDate "2014.03.23"]
[EventType "swiss"]
[EventRounds "9"]
[EventCountry "ESP"]
[SourceTitle "Ajedrez en Madrid"]
[Source "lmi"]
[SourceDate "2014.03.23"]
[SourceVersion "1"]
[SourceVersionDate "2014.07.21"]
[SourceQuality "1"]

1. g3 c5 2. Bg2 Nf6 3. c4 e6 4. d3 Be7 5. Nf3 Nc6 6. a3 O-O 7. Bd2 Qb6 8. Bc3
d5 9. cxd5 exd5 10. d4 Ne4 11. dxc5 Bxc5 12. e3 Nxc3 13. Nxc3 d4 14. Na4 Qb5
15. Bf1 Qa5+ 16. b4 Nxb4 17. axb4 Bxb4+ 18. Nd2 dxe3 19. fxe3 Rd8 20. Nc3 Qe5
21. Bc4 Bxc3 22. Bxf7+ Kxf7 23. Qb3+ Be6 24. Qxb7+ Kg8 25. Rxa7 Qxe3+ 26. Kf1
Bh3+ 27. Qg2 Bxg2+ 28. Kxg2 Rxd2+ 29. Kh3 0-1

[Event "22. Torneo San Viator"]
[Site "Madrid ESP"]
[Date "2014.05.11"]
[Round "6.39"]
[White "Castillo Sanz, Javier"]
[Black "Valdes Sanchez, Jesus Manuel"]
[Result "1/2-1/2"]
[WhiteElo "1815"]
[BlackElo "1569"]
[PlyCount "87"]
[EventDate "2014.03.23"]
[EventType "swiss"]
[EventRounds "9"]
[EventCountry "ESP"]
[SourceTitle "Ajedrez en Madrid"]
[Source "lmi"]
[SourceDate "2014.03.23"]
[SourceVersion "1"]
[SourceVersionDate "2014.07.21"]
[SourceQuality "1"]

1. c4 e5 2. g3 d6 3. Bg2 f5 4. d3 Nf6 5. Nc3 c6 6. f4 Be7 7. Nf3 O-O 8. fxe5
dxe5 9. Nxe5 g6 10. Nf3 Be6 11. Qb3 Qc7 12. Ng5 Bf7 13. Nxf7 Rxf7 14. Bf4 Bd6
15. Bxd6 Qxd6 16. Bf3 Na6 17. O-O-O Nc5 18. Qc2 Ne6 19. e3 Re8 20. Rhe1 Ng5 21.
Bh1 Ng4 22. e4 fxe4 23. Nxe4 Nxe4 24. dxe4 Qe5 25. Re2 Ref8 26. Qc3 Qxc3+ 27.
bxc3 Rf1 28. Ree1 Nxh2 29. Bg2 R1f2 30. Bh3 Rxa2 31. c5 Ra1+ 32. Kb2 Rxd1 33.
Rxd1 Kg7 34. e5 g5 35. Rd7+ Kg6 36. Rd6+ Kg7 37. Bd7 Nf3 38. e6 Kf6 39. Rd1 Ke7
40. Rh1 Rh8 41. Ra1 Ra8 42. Rh1 Rh8 43. Ra1 Ra8 44. Rh1 1/2-1/2

[Event "22. Torneo San Viator"]
[Site "Madrid ESP"]
[Date "2014.05.11"]
[Round "6.41"]
[White "Sarabia Utrilla, Joaquin"]
[Black "Gutierrez Chamorro, Alejandro"]
[Result "1/2-1/2"]
[WhiteElo "1778"]
[BlackElo "1555"]
[PlyCount "60"]
[EventDate "2014.03.23"]
[EventType "swiss"]
[EventRounds "9"]
[EventCountry "ESP"]
[SourceTitle "Ajedrez en Madrid"]
[Source "lmi"]
[SourceDate "2014.03.23"]
[SourceVersion "1"]
[SourceVersionDate "2014.07.21"]
[SourceQuality "1"]

1. d4 d5 2. c4 e6 3. Nc3 Nf6 4. Bg5 Be7 5. e3 O-O 6. Nf3 Nbd7 7. Bd3 c5 8. cxd5
Nxd5 9. Nxd5 Bxg5 10. Nxg5 Qxg5 11. Nf4 cxd4 12. h4 Qa5+ 13. Kf1 dxe3 14. fxe3
Nf6 15. Qc2 b6 16. h5 Ba6 17. h6 g6 18. Kg1 Bxd3 19. Qxd3 Rfd8 20. Qf1 Qd2 21.
Rh3 Qxb2 22. Rb1 Qe5 23. Rb5 Nd5 24. e4 Qd4+ 25. Kh2 Nxf4 26. Qxf4 f5 27. Qc7
Qd6+ 28. Qxd6 Rxd6 29. exf5 exf5 30. Rc3 Rd7 1/2-1/2

[Event "22. Torneo San Viator"]
[Site "Madrid ESP"]
[Date "2014.05.11"]
[Round "6.42"]
[White "Hidalgo Prado, David"]
[Black "Casado Salvo, Jose Maria"]
[Result "0-1"]
[WhiteElo "1448"]
[BlackElo "1673"]
[PlyCount "80"]
[EventDate "2014.03.23"]
[EventType "swiss"]
[EventRounds "9"]
[EventCountry "ESP"]
[SourceTitle "Ajedrez en Madrid"]
[Source "lmi"]
[SourceDate "2014.03.23"]
[SourceVersion "1"]
[SourceVersionDate "2014.07.21"]
[SourceQuality "1"]

1. e4 c6 2. d4 d5 3. exd5 cxd5 4. c4 e6 5. Nf3 Nf6 6. Nc3 Be7 7. cxd5 Nxd5 8.
Bd3 Nc6 9. O-O a6 10. a3 Bf6 11. Re1 O-O 12. Be4 Nde7 13. Be3 Qc7 14. Qc2 g6
15. Red1 Rd8 16. Rac1 Rd7 17. d5 exd5 18. Nxd5 Nxd5 19. Bxd5 Rxd5 20. Rxd5 Be6
21. Rdd1 Bf5 22. Qe2 Rd8 23. Rxd8+ Qxd8 24. Bg5 Bxg5 25. Rd1 Qf6 26. h4 Bxh4
27. Nxh4 Qxh4 28. Qe8+ Kg7 29. Rd6 Qc4 30. Qe3 Qc2 31. Rd2 Qc1+ 32. Kh2 Qc4 33.
Qg5 Qe6 34. f3 Qe5+ 35. g3 Qe1 36. g4 h6 37. Qf4 g5 38. Qg3 Qxd2+ 39. Kh3 Be6
40. f4 Qxf4 0-1

[Event "22. Torneo San Viator"]
[Site "Madrid ESP"]
[Date "2014.05.11"]
[Round "6.43"]
[White "Del Noval Perez, Jeronimo"]
[Black "Charles Soria, Alberto"]
[Result "1-0"]
[WhiteElo "1413"]
[BlackElo "1646"]
[PlyCount "49"]
[EventDate "2014.03.23"]
[EventType "swiss"]
[EventRounds "9"]
[EventCountry "ESP"]
[SourceTitle "Ajedrez en Madrid"]
[Source "lmi"]
[SourceDate "2014.03.23"]
[SourceVersion "1"]
[SourceVersionDate "2014.07.21"]
[SourceQuality "1"]

1. e4 c5 2. Nf3 d6 3. d4 Nf6 4. Nc3 cxd4 5. Nxd4 a6 6. Bg5 e6 7. f4 Be7 8. Qf3
Nbd7 9. O-O-O Qc7 10. Bd3 b5 11. a3 Bb7 12. Rhe1 Rc8 13. Qg3 Kf8 14. Re3 h6 15.
Bh4 Qd8 16. e5 Nd5 17. Bxe7+ Qxe7 18. Nxd5 Bxd5 19. Rf1 dxe5 20. fxe5 Qg5 21.
Bg6 f6 22. exf6 Qxg3 23. fxg7+ Kxg7 24. Rxg3 Ne5 25. Be4+ 1-0

[Event "22. Torneo San Viator"]
[Site "Madrid ESP"]
[Date "2014.05.11"]
[Round "6.44"]
[White "Vega De Alba, Miguel"]
[Black "Insua Rodriguez, Antonio"]
[Result "0-1"]
[WhiteElo "1582"]
[BlackElo "1497"]
[PlyCount "54"]
[EventDate "2014.03.23"]
[EventType "swiss"]
[EventRounds "9"]
[EventCountry "ESP"]
[SourceTitle "Ajedrez en Madrid"]
[Source "lmi"]
[SourceDate "2014.03.23"]
[SourceVersion "1"]
[SourceVersionDate "2014.07.21"]
[SourceQuality "1"]

1. d4 d5 2. c4 e6 3. Nc3 Nf6 4. Bg5 Be7 5. e3 O-O 6. Nf3 Nbd7 7. Rc1 h6 8. Bh4
a6 9. c5 c6 10. Bd3 Re8 11. O-O Nf8 12. Na4 N6d7 13. Bxe7 Qxe7 14. a3 e5 15.
Nxe5 Nxe5 16. dxe5 Qxe5 17. Nb6 Ra7 18. Nxc8 Rxc8 19. b4 Qb8 20. Qc2 Re8 21.
Be2 Re4 22. Rcd1 Ne6 23. Bd3 Rh4 24. g3 Rh5 25. Qe2 Re5 26. f4 Nd4 27. Qf2 Re8
0-1

[Event "22. Torneo San Viator"]
[Site "Madrid ESP"]
[Date "2014.05.11"]
[Round "6.47"]
[White "Gonzalez Hilla, Antonio"]
[Black "Vega De Alba, Carlos"]
[Result "1-0"]
[WhiteElo "1575"]
[BlackElo "1388"]
[PlyCount "31"]
[EventDate "2014.03.23"]
[EventType "swiss"]
[EventRounds "9"]
[EventCountry "ESP"]
[SourceTitle "Ajedrez en Madrid"]
[Source "lmi"]
[SourceDate "2014.03.23"]
[SourceVersion "1"]
[SourceVersionDate "2014.07.21"]
[SourceQuality "1"]

1. d4 d5 2. c4 Nf6 3. Bf4 Nc6 4. Nf3 Bg4 5. Ne5 Nxe5 6. Bxe5 e6 7. f3 Bf5 8.
Nc3 Bb4 9. Qa4+ Nd7 10. Qxb4 c5 11. Qb3 Nb6 12. e3 O-O 13. Be2 Qg5 14. a4 Bd3
15. Kf2 dxc4 16. Qd1 1-0

[Event "22. Torneo San Viator"]
[Site "Madrid ESP"]
[Date "2014.05.11"]
[Round "6.48"]
[White "Olias Ruiz, Enrique"]
[Black "Perez Puebla, Fernando"]
[Result "0-1"]
[WhiteElo "1209"]
[BlackElo "1575"]
[PlyCount "86"]
[EventDate "2014.03.23"]
[EventType "swiss"]
[EventRounds "9"]
[EventCountry "ESP"]
[SourceTitle "Ajedrez en Madrid"]
[Source "lmi"]
[SourceDate "2014.03.23"]
[SourceVersion "1"]
[SourceVersionDate "2014.07.21"]
[SourceQuality "1"]

1. e4 c5 2. Bc4 d6 3. Nc3 Nc6 4. h3 Nf6 5. d3 a6 6. Nf3 e6 7. Bg5 Be7 8. Qd2 h6
9. Bf4 b5 10. Bb3 Na5 11. e5 Nxb3 12. axb3 Nd7 13. Nxb5 dxe5 14. Nxe5 Bb7 15.
Nxd7 axb5 16. Rxa8 Bxa8 17. Ne5 Bf6 18. O-O Qd5 19. f3 Bxe5 20. Bxe5 Qxe5 21.
Qa5 Qb8 22. Qc3 O-O 23. Qxc5 Rc8 24. Qf2 Qc7 25. c4 Qc5 26. Kh2 Qxf2 27. Rxf2
b4 28. Re2 Rd8 29. Re3 Rd4 30. c5 Rd5 31. g4 Rxc5 32. d4 Rc2+ 33. Kg3 Bd5 34.
Rd3 Rxb2 35. f4 Rxb3 36. Rxb3 Bxb3 37. f5 Bd5 38. fxe6 fxe6 39. Kf4 b3 40. g5
hxg5+ 41. Kxg5 b2 42. Kf4 b1=Q 43. Ke5 Qb8# 0-1

[Event "22. Torneo San Viator"]
[Site "Madrid ESP"]
[Date "2014.05.11"]
[Round "6.50"]
[White "Petru, Marius Ioan"]
[Black "Aranda Perez, Ivan"]
[Result "1-0"]
[WhiteElo "1742"]
[BlackElo "1440"]
[PlyCount "51"]
[EventDate "2014.03.23"]
[EventType "swiss"]
[EventRounds "9"]
[EventCountry "ESP"]
[SourceTitle "Ajedrez en Madrid"]
[Source "lmi"]
[SourceDate "2014.03.23"]
[SourceVersion "1"]
[SourceVersionDate "2014.07.21"]
[SourceQuality "1"]

1. e4 d6 2. d4 g6 3. Be3 Bg7 4. Qd2 Nf6 5. f3 O-O 6. Bh6 c6 7. Na3 b5 8. Bxg7
Kxg7 9. c3 Qc7 10. O-O-O Rd8 11. Kb1 a5 12. g4 h6 13. h4 Nfd7 14. d5 Ba6 15.
Nh3 Ne5 16. Be2 Nbd7 17. f4 Nc4 18. Qd4+ Kg8 19. Nxc4 bxc4 20. f5 Ne5 21. fxg6
Nxg6 22. h5 Ne5 23. g5 Nf3 24. Qe3 Nxg5 25. Nxg5 hxg5 26. Qxg5+ 1-0

[Event "22. Torneo San Viator"]
[Site "Madrid ESP"]
[Date "2014.05.11"]
[Round "6.51"]
[White "Lavandeira Hermoso, Alvaro"]
[Black "Del Noval Nemeshazi, Mario"]
[Result "1-0"]
[WhiteElo "1481"]
[BlackElo "1317"]
[PlyCount "45"]
[EventDate "2014.03.23"]
[EventType "swiss"]
[EventRounds "9"]
[EventCountry "ESP"]
[SourceTitle "Ajedrez en Madrid"]
[Source "lmi"]
[SourceDate "2014.03.23"]
[SourceVersion "1"]
[SourceVersionDate "2014.07.21"]
[SourceQuality "1"]

1. e4 e6 2. d4 d5 3. e5 c5 4. c3 Nc6 5. Nf3 Qb6 6. a3 Nh6 7. b4 cxd4 8. cxd4
Nf5 9. Bb2 a6 10. Be2 Be7 11. O-O O-O 12. Qd3 Bd7 13. Nbd2 Rfc8 14. Nb3 h6 15.
Bc3 Bd8 16. Nc5 Be8 17. Bd1 a5 18. b5 Na7 19. a4 Be7 20. Qd2 Nxb5 21. axb5 Bxb5
22. Na4 Bxf1 23. Nxb6 1-0

[Event "22. Torneo San Viator"]
[Site "Madrid ESP"]
[Date "2014.05.11"]
[Round "6.52"]
[White "Ortega Palacios, Alejandro"]
[Black "Trapero Bueno, Vicente"]
[Result "1-0"]
[WhiteElo "1467"]
[BlackElo "1188"]
[PlyCount "105"]
[EventDate "2014.03.23"]
[EventType "swiss"]
[EventRounds "9"]
[EventCountry "ESP"]
[SourceTitle "Ajedrez en Madrid"]
[Source "lmi"]
[SourceDate "2014.03.23"]
[SourceVersion "1"]
[SourceVersionDate "2014.07.21"]
[SourceQuality "1"]

1. e4 c5 2. Nf3 e6 3. d4 cxd4 4. Nxd4 a6 5. Nc3 Qc7 6. Bd3 Nf6 7. Qf3 Be7 8.
Nde2 d6 9. Bg5 Nbd7 10. O-O O-O 11. Rfe1 Rb8 12. a4 b6 13. Ng3 Ne5 14. Qe2 Nxd3
15. Qxd3 Bb7 16. Rad1 Rfd8 17. Bf4 Rbc8 18. Rd2 Qc6 19. f3 h6 20. Red1 Nd7 21.
Nge2 Ne5 22. Qd4 Bf6 23. Qb4 Be7 24. Qb3 Qc5+ 25. Nd4 Ng6 26. Be3 e5 27. Nf5
Qc4 28. Qxc4 Rxc4 29. Bxb6 Bg5 30. Rxd6 Rxd6 31. Rxd6 Kh7 32. Rd7 Bc8 33. Rxf7
Bxf5 34. Rxf5 Rb4 35. Nd5 Rxb2 36. c3 Rb1+ 37. Kf2 Rb2+ 38. Kg3 Bh4+ 39. Kh3
Bg5 40. c4 Nf4+ 41. Nxf4 Rxb6 42. Nd5 Rc6 43. Rxe5 Rxc4 44. Nb6 Rb4 45. a5 Bd8
46. Re6 Bxb6 47. Rxb6 Ra4 48. Rxa6 Kg8 49. Ra8+ Kf7 50. a6 Ke7 51. a7 Kd7 52.
Rg8 g5 53. a8=Q 1-0

[Event "22. Torneo San Viator"]
[Site "Madrid ESP"]
[Date "2014.05.18"]
[Round "7.1"]
[White "Renteria, Jorge"]
[Black "Garcia-Ruiz Fuentes, Angel M"]
[Result "1-0"]
[WhiteElo "2299"]
[BlackElo "2025"]
[PlyCount "63"]
[EventDate "2014.03.23"]
[EventType "swiss"]
[EventRounds "9"]
[EventCountry "ESP"]
[SourceTitle "Ajedrez en Madrid"]
[Source "lmi"]
[SourceDate "2014.03.23"]
[SourceVersion "1"]
[SourceVersionDate "2014.07.21"]
[SourceQuality "1"]

1. d4 Nf6 2. c4 g6 3. Nc3 Bg7 4. e4 O-O 5. h3 d6 6. Be3 e5 7. d5 a5 8. Nf3 Na6
9. Be2 Nc5 10. Qc2 Bd7 11. g4 Qe7 12. Nd2 Ne8 13. h4 f5 14. gxf5 gxf5 15. O-O-O
f4 16. Bxc5 dxc5 17. Rdg1 Nd6 18. Qd3 a4 19. a3 Kh8 20. Bg4 b5 21. Bxd7 Qxd7
22. cxb5 c4 23. Nxc4 Nxb5 24. Rxg7 Qxg7 25. Nxb5 Qg2 26. Rf1 Rab8 27. Nc3 Rg8
28. Nxe5 Rg3 29. Qe2 Rb3 30. Re1 Rg8 31. Qd2 Qg7 32. Nc6 1-0

[Event "22. Torneo San Viator"]
[Site "Madrid ESP"]
[Date "2014.05.18"]
[Round "7.2"]
[White "Bermejo Arruego, Luis"]
[Black "Iturbide Arnedo, Oscar"]
[Result "0-1"]
[WhiteElo "2175"]
[BlackElo "2128"]
[PlyCount "66"]
[EventDate "2014.03.23"]
[EventType "swiss"]
[EventRounds "9"]
[EventCountry "ESP"]
[SourceTitle "Ajedrez en Madrid"]
[Source "lmi"]
[SourceDate "2014.03.23"]
[SourceVersion "1"]
[SourceVersionDate "2014.07.21"]
[SourceQuality "1"]

1. e4 g6 2. d4 Bg7 3. f4 d5 4. e5 c5 5. dxc5 Nc6 6. Nf3 Bg4 7. Nc3 d4 8. Ne4
Qd5 9. Bd3 f6 10. Qe2 O-O-O 11. Bc4 Qd7 12. e6 Qc7 13. O-O d3 14. cxd3 Nd4 15.
Qf2 Bxf3 16. gxf3 Nh6 17. Be3 Nhf5 18. Bd2 Bh6 19. b4 Bxf4 20. Nd6+ Bxd6 21.
cxd6 Qxd6 22. b5 Kb8 23. Rae1 g5 24. f4 g4 25. Re4 h5 26. Rb1 h4 27. Bb4 Qb6
28. Kh1 Ng3+ 29. Kg2 h3+ 30. Kxg3 Nf5+ 31. Kxg4 Qxf2 32. Kxf5 Rh5+ 33. Kg6 Qg2+
0-1

[Event "22. Torneo San Viator"]
[Site "Madrid ESP"]
[Date "2014.05.18"]
[Round "7.3"]
[White "Bolea Jover, Jose"]
[Black "Elissalt Cardenas, Hector"]
[Result "0-1"]
[WhiteElo "2035"]
[BlackElo "2369"]
[PlyCount "96"]
[EventDate "2014.03.23"]
[EventType "swiss"]
[EventRounds "9"]
[EventCountry "ESP"]
[SourceTitle "Ajedrez en Madrid"]
[Source "lmi"]
[SourceDate "2014.03.23"]
[SourceVersion "1"]
[SourceVersionDate "2014.07.21"]
[SourceQuality "1"]

1. e4 e5 2. Bc4 Nf6 3. d3 c6 4. Qe2 Be7 5. Nf3 O-O 6. O-O Qc7 7. Bb3 a5 8. a4
Na6 9. c3 Nc5 10. Bc2 d6 11. d4 Ne6 12. Na3 Re8 13. dxe5 dxe5 14. Nc4 Nd7 15.
Be3 b5 16. Na3 bxa4 17. Bxa4 Ba6 18. c4 Ndc5 19. Bc2 Rab8 20. Bd2 Nd4 21. Nxd4
exd4 22. Rfb1 Qd7 23. Bd1 Nxe4 24. Qxe4 Bxa3 25. Qd3 Bb4 26. Bxb4 Rxb4 27. Bc2
g6 28. b3 a4 29. Qd2 axb3 30. Qxb4 bxc2 31. Re1 Rxe1+ 32. Rxe1 d3 33. Qd2 Bxc4
34. Ra1 Qd4 35. Re1 Kg7 36. h4 h5 37. g3 Be6 38. Kg2 c5 39. f3 c4 40. Qg5 Qf6
41. Qe3 Bd5 42. Rf1 Qb2 43. Kh3 Be6+ 44. g4 Qf6 45. Kg3 hxg4 46. f4 Bf5 47. Rc1
c3 48. Ra1 d2 0-1

[Event "22. Torneo San Viator"]
[Site "Madrid ESP"]
[Date "2014.05.18"]
[Round "7.4"]
[White "Padin Lazaro, Jose Manuel"]
[Black "Gutierrez Lopez, Carlos"]
[Result "0-1"]
[WhiteElo "1862"]
[BlackElo "2115"]
[PlyCount "42"]
[EventDate "2014.03.23"]
[EventType "swiss"]
[EventRounds "9"]
[EventCountry "ESP"]
[SourceTitle "Ajedrez en Madrid"]
[Source "lmi"]
[SourceDate "2014.03.23"]
[SourceVersion "1"]
[SourceVersionDate "2014.07.21"]
[SourceQuality "1"]

1. e4 c5 2. Nf3 e6 3. d4 cxd4 4. Nxd4 a6 5. Nc3 Qc7 6. Bd3 Nf6 7. O-O b5 8. Re1
d6 9. Bg5 Be7 10. Qe2 Nbd7 11. Rad1 Bb7 12. a3 h6 13. Bh4 O-O 14. Bg3 Qb6 15.
Nf3 e5 16. Qd2 Kh7 17. Kh1 Rac8 18. Nh4 g6 19. f4 Nh5 20. Bf2 Qd8 21. f5 Bxh4
0-1

[Event "22. Torneo San Viator"]
[Site "Madrid ESP"]
[Date "2014.05.18"]
[Round "7.6"]
[White "Julian Serra, Rogelio"]
[Black "Garcia Sanjuan, Jose"]
[Result "1-0"]
[WhiteElo "1991"]
[BlackElo "1867"]
[PlyCount "133"]
[EventDate "2014.03.23"]
[EventType "swiss"]
[EventRounds "9"]
[EventCountry "ESP"]
[SourceTitle "Ajedrez en Madrid"]
[Source "lmi"]
[SourceDate "2014.03.23"]
[SourceVersion "1"]
[SourceVersionDate "2014.07.21"]
[SourceQuality "1"]

1. c4 b6 2. g3 Bb7 3. Nf3 g6 4. Bg2 Bg7 5. O-O Nf6 6. d4 O-O 7. Nc3 d6 8. Bf4
Nh5 9. Be3 Nd7 10. Qd2 c5 11. Bh6 cxd4 12. Bxg7 Nxg7 13. Qxd4 Nf5 14. Qd2 Nf6
15. Rfe1 Bxf3 16. Bxf3 Rc8 17. b3 Rc5 18. Rad1 Qc8 19. Nd5 Nxd5 20. Bxd5 e5 21.
Qg5 Qd8 22. Qxd8 Rxd8 23. Rd2 a5 24. Red1 b5 25. cxb5 Rxb5 26. Bc4 Rbb8 27. e3
h5 28. a4 g5 29. Rd5 Ra8 30. h3 Kg7 31. g4 hxg4 32. hxg4 Nh6 33. Be2 f5 34.
Rxd6 Rxd6 35. Rxd6 Nxg4 36. Bxg4 fxg4 37. Re6 Rb8 38. Rxe5 Kf6 39. Rb5 Ra8 40.
Kg2 Kg6 41. Kg3 Kh5 42. e4 Re8 43. e5 Rf8 44. Rxa5 Rf3+ 45. Kg2 Rxb3 46. e6 Kg6
47. Re5 Rb8 48. a5 Kf6 49. Re3 Ke7 50. a6 Ra8 51. Ra3 Kxe6 52. a7 Kd6 53. Kg3
Kc6 54. Kxg4 Kb7 55. Kxg5 Rg8+ 56. Kf6 Ka8 57. f4 Rc8 58. f5 Rc7 59. Kg6 Rc2
60. f6 Rg2+ 61. Kh7 Rh2+ 62. Kg8 Rg2+ 63. Kf8 Rf2 64. f7 Rf1 65. Ra6 Re1 66.
Kg7 Re7 67. Kg8 1-0

[Event "22. Torneo San Viator"]
[Site "Madrid ESP"]
[Date "2014.05.18"]
[Round "7.9"]
[White "Alonso Abad, Enrique"]
[Black "Del Noval Nemeshazi, Nesztor"]
[Result "1-0"]
[WhiteElo "1917"]
[BlackElo "1430"]
[PlyCount "47"]
[EventDate "2014.03.23"]
[EventType "swiss"]
[EventRounds "9"]
[EventCountry "ESP"]
[SourceTitle "Ajedrez en Madrid"]
[Source "lmi"]
[SourceDate "2014.03.23"]
[SourceVersion "1"]
[SourceVersionDate "2014.07.21"]
[SourceQuality "1"]

1. d4 Nf6 2. c4 g6 3. Nf3 Bg7 4. g3 d5 5. cxd5 Nxd5 6. e4 Nb6 7. Nc3 O-O 8. Bg2
Nc6 9. d5 Ne5 10. Nxe5 Bxe5 11. O-O e6 12. a4 a5 13. Bh6 Bg7 14. Bxg7 Kxg7 15.
Qd4+ Kg8 16. Rfd1 exd5 17. exd5 Nd7 18. Nb5 Ra6 19. Rac1 Qf6 20. Rxc7 Qxd4 21.
Rxd4 Rd8 22. d6 Kf8 23. Bxb7 Bxb7 24. Rxb7 1-0

[Event "22. Torneo San Viator"]
[Site "Madrid ESP"]
[Date "2014.05.18"]
[Round "7.10"]
[White "Linares Leyva, David"]
[Black "Andalon Gomez, Carlos J"]
[Result "0-1"]
[WhiteElo "1838"]
[BlackElo "2000"]
[PlyCount "44"]
[EventDate "2014.03.23"]
[EventType "swiss"]
[EventRounds "9"]
[EventCountry "ESP"]
[SourceTitle "Ajedrez en Madrid"]
[Source "lmi"]
[SourceDate "2014.03.23"]
[SourceVersion "1"]
[SourceVersionDate "2014.07.21"]
[SourceQuality "1"]

1. Nf3 d5 2. c4 dxc4 3. g3 Nf6 4. Bg2 e6 5. O-O Be7 6. Na3 c5 7. Nxc4 Nc6 8. d3
O-O 9. Bg5 h6 10. Bf4 Nd5 11. Qd2 b5 12. Nfe5 Nxe5 13. Nxe5 Bb7 14. Rac1 Bd6
15. b4 cxb4 16. Nc6 Bxf4 17. gxf4 Qh4 18. Nxb4 Nf6 19. Nc6 Kh8 20. h3 g5 21.
fxg5 Rg8 22. gxf6 Qxh3 0-1

[Event "22. Torneo San Viator"]
[Site "Madrid ESP"]
[Date "2014.05.18"]
[Round "7.11"]
[White "Garcia Martin, Juan Manuel"]
[Black "Rosa Ramirez, Victor D"]
[Result "1/2-1/2"]
[WhiteElo "1787"]
[BlackElo "1989"]
[PlyCount "154"]
[EventDate "2014.03.23"]
[EventType "swiss"]
[EventRounds "9"]
[EventCountry "ESP"]
[SourceTitle "Ajedrez en Madrid"]
[Source "lmi"]
[SourceDate "2014.03.23"]
[SourceVersion "1"]
[SourceVersionDate "2014.07.21"]
[SourceQuality "1"]

1. d4 Nf6 2. Bf4 g6 3. Nf3 Bg7 4. e3 O-O 5. c3 d6 6. Be2 h6 7. Qb3 Nbd7 8. Bg3
c5 9. Nbd2 cxd4 10. exd4 Nh5 11. Nh4 Ndf6 12. Bxh5 Nxh5 13. Nxg6 Nxg3 14. hxg3
Be6 15. d5 fxg6 16. dxe6 Qc8 17. O-O b6 18. Rae1 Qc6 19. Nf3 Qc5 20. Rd1 Rf6
21. Rd5 Qc8 22. Re1 Kh8 23. Rd3 Qc5 24. Rd5 Qc8 25. Rd3 Qf8 26. Qc2 Rc8 27.
Rde3 g5 28. Qd3 Rc5 29. R3e2 Rcf5 30. g4 Rf4 31. Re4 Qa8 32. Rxf4 Rxf4 33. Nh2
Be5 34. Qh3 Rf6 35. Nf3 Bf4 36. Nd4 Kh7 37. Qd3+ Kh8 38. Qe4 Qf8 39. Nf3 b5 40.
Qb7 Be5 41. Nxe5 dxe5 42. Qxa7 Rxe6 43. Qc5 Qb8 44. Qd5 Qd6 45. Qxb5 Qd2 46.
Qe2 Qf4 47. g3 Qf6 48. Qd3 Rd6 49. Qf5 Rd2 50. Qxe5 Rxb2 51. Qxf6+ exf6 52. a4
Rc2 53. Ra1 Rxc3 54. a5 Rc7 55. a6 Ra7 56. Kf1 Kg7 57. Ke2 Kg6 58. Ke3 h5 59.
gxh5+ Kxh5 60. Kf3 f5 61. Ra5 Kg6 62. Ke3 Kh5 63. f3 Re7+ 64. Kd4 Ra7 65. Ra3
f4 66. g4+ Kh4 67. Ke4 Kg3 68. Ke5 Kh4 69. Kf6 Ra8 70. a7 Rf8+ 71. Ke5 Ra8 72.
Kd4 Kg3 73. Ke4 Kh4 74. Kd3 Kg3 75. Ke2 Kg2 76. Ke1 Re8+ 77. Kd2 Ra8 1/2-1/2

[Event "22. Torneo San Viator"]
[Site "Madrid ESP"]
[Date "2014.05.18"]
[Round "7.12"]
[White "Begona Ortiz, Isaac"]
[Black "Jordana Vargas, Julio"]
[Result "0-1"]
[WhiteElo "1784"]
[BlackElo "1948"]
[PlyCount "46"]
[EventDate "2014.03.23"]
[EventType "swiss"]
[EventRounds "9"]
[EventCountry "ESP"]
[SourceTitle "Ajedrez en Madrid"]
[Source "lmi"]
[SourceDate "2014.03.23"]
[SourceVersion "1"]
[SourceVersionDate "2014.07.21"]
[SourceQuality "1"]

1. Nf3 Nf6 2. d4 e6 3. h3 c5 4. e3 Nc6 5. c3 d5 6. Nbd2 Bd6 7. Qc2 Bd7 8. e4
cxd4 9. cxd4 Rc8 10. Qb1 dxe4 11. Nxe4 Nxe4 12. Qxe4 Nb4 13. Bd3 Bc6 14. Qe2
Nxd3+ 15. Qxd3 Bxf3 16. gxf3 Bb4+ 17. Ke2 Qd5 18. Be3 O-O 19. Rac1 Qxa2 20. Rb1
Rc3 21. Qe4 Qc4+ 22. Kd1 Rd3+ 23. Qxd3 Qxd3+ 0-1

[Event "22. Torneo San Viator"]
[Site "Madrid ESP"]
[Date "2014.05.18"]
[Round "7.13"]
[White "Bustos Bernardo, Samuel"]
[Black "Caballero Gallego, Luis"]
[Result "0-1"]
[WhiteElo "1777"]
[BlackElo "1880"]
[PlyCount "46"]
[EventDate "2014.03.23"]
[EventType "swiss"]
[EventRounds "9"]
[EventCountry "ESP"]
[SourceTitle "Ajedrez en Madrid"]
[Source "lmi"]
[SourceDate "2014.03.23"]
[SourceVersion "1"]
[SourceVersionDate "2014.07.21"]
[SourceQuality "1"]

1. Nf3 c5 2. c4 Nf6 3. Nc3 d5 4. e3 Nc6 5. d4 Bg4 6. Qb3 Na5 7. Qa4+ Bd7 8. Qc2
cxd4 9. exd4 Nxc4 10. b3 Nd6 11. Ba3 Qa5 12. Bxd6 exd6 13. a3 Rc8 14. b4 Qc7
15. Qe2+ Be7 16. Na2 Ne4 17. Nd2 O-O 18. Nxe4 dxe4 19. Qxe4 Rfe8 20. Be2 Bg5
21. Qd3 Qc2 22. Kf1 Qb2 23. Qd1 Rxe2 0-1